000 00402nam a2200157Ia 4500
008 230711s9999||||xx |||||||||||||| ||und||
041 _aENG
082 _a4
_bHO-C
100 _aHolzner,Steven
245 0 _aC programming
250 _a1st . Ed.
260 _c1992
_aNew Delhi
_bPHI Learning Private Limited
650 _aComputer Engineering
700 _aPeter Norton Computing GroupĀ 
942 _cBK
999 _c2375
_d2375